Vybrané kapitoly verejného zdravotníctva II modelové situácie vo verejnom zdravotníctve a ich riešenia
Gespeichert in:
| 1. Verfasser: | |
|---|---|
| Format: | Buch |
| Sprache: | Slowakisch |
| Veröffentlicht: |
Banská Bystrica
PRO Banská Bystrica
2013
|
| Schlagworte: | |
| Tags: |
Keine Tags, Fügen Sie das erste Tag hinzu!
|
MARC
| LEADER | 00000nam a2200000 4500 | ||
|---|---|---|---|
| 001 | 0194519 | ||
| 005 | 20240314094638.8 | ||
| 020 | |a 978-80-89057-44-3 | ||
| 041 | 0 | |a slo | |
| 044 | |a SK | ||
| 245 | 1 | 0 | |a Vybrané kapitoly verejného zdravotníctva II |b modelové situácie vo verejnom zdravotníctve a ich riešenia |c Ivan Rovný a kolektív |
| 264 | 1 | |a Banská Bystrica |b PRO Banská Bystrica |c 2013 | |
| 300 | |a 895 s. | ||
| 610 | 2 | 0 | |a zdravotníctvo verejné |
| 610 | 2 | 0 | |a hygiena |
| 610 | 2 | 0 | |a deti |
| 610 | 2 | 0 | |a mládež |
| 610 | 2 | 0 | |a dozor štátny |
| 610 | 2 | 0 | |a dokumentácia |
| 610 | 2 | 0 | |a prostredie životné |
| 610 | 2 | 0 | |a zdravie |
| 610 | 2 | 0 | |a výživa |
| 610 | 2 | 0 | |a Slovensko |
| 100 | 1 | |a Rovný, Ivan | |